[Event "X Festival A"]
[Site "Campobasso ITA"]
[Date "2003.07.11"]
[Round "1"]
[White "Benincasa, Marco"]
[Black "Shytaj, Luca"]
[Result "0-1"]
[WhiteElo "1989"]
[BlackElo "2336"]
[PlyCount "60"]
[EventDate "2003.07.11"]

1. e4 c5 2. c3 Nf6 3. e5 Nd5 4. d4 cxd4 5. Nf3 e6 6. Nxd4 Qc7 7. Qc2 a6 8. Nd2
b5 9. N2f3 Bb7 10. c4 bxc4 11. Qxc4 Bb4+ 12. Bd2 Bxd2+ 13. Kxd2 Qa5+ 14. Kd1
O-O 15. Nb3 Qb6 16. Qd4 Rc8 17. Qxb6 Nxb6 18. Nbd4 Na4 19. b3 Nc3+ 20. Kd2 Ne4+
21. Ke1 Nc6 22. Nxc6 Bxc6 23. Nd4 Bb7 24. f3 Nc3 25. Bc4 Rc5 26. Kd2 Nb5 27.
Bxb5 axb5 28. Rhe1 Rd5 29. Kd3 d6 30. exd6 e5 0-1

[Event "X Festival A"]
[Site "Campobasso ITA"]
[Date "2003.07.11"]
[Round "1"]
[White "Collutiis, Duilio"]
[Black "Ferri, Stefano"]
[Result "1-0"]
[WhiteElo "2409"]
[BlackElo "2069"]
[PlyCount "61"]
[EventDate "2003.07.11"]

1. Nf3 c6 2. c4 d5 3. b3 Nf6 4. Bb2 Bf5 5. g3 Nbd7 6. Bg2 Qc7 7. O-O e5 8. d3
Bd6 9. Nbd2 Rc8 10. cxd5 cxd5 11. Rc1 Qb8 12. Rxc8+ Qxc8 13. e4 dxe4 14. dxe4
Be6 15. Qa1 Qb8 16. Ng5 O-O 17. Nxe6 fxe6 18. Nc4 Bc7 19. a4 Nc5 20. Ba3 Nfd7
21. Qc3 b5 22. Nd2 Bd6 23. Rc1 Nxa4 24. bxa4 b4 25. Qc6 Nb6 26. Bb2 Rc8 27. Qb5
Rxc1+ 28. Bxc1 Qc8 29. Nb3 Qc4 30. Qe8+ Bf8 31. Bh3 1-0

[Event "X Festival A"]
[Site "Campobasso ITA"]
[Date "2003.07.11"]
[Round "1"]
[White "Corso, Sergio"]
[Black "Di Giulio, Massimo"]
[Result "1-0"]
[WhiteElo "2149"]
[BlackElo "1774"]
[PlyCount "69"]
[EventDate "2003.07.11"]

1. d4 Nf6 2. c4 g6 3. g3 Bg7 4. Bg2 O-O 5. Nf3 d6 6. O-O Nc6 7. d5 Na5 8. Nfd2
c5 9. Nc3 Rb8 10. Qc2 Bd7 11. b3 a6 12. Bb2 b5 13. Rab1 Qc7 14. h3 bxc4 15.
bxc4 Rb7 16. Nce4 Nxe4 17. Bxg7 Kxg7 18. Rxb7 Qxb7 19. Rb1 Qc7 20. Nxe4 Kg8 21.
Qc3 Ra8 22. h4 Ra7 23. h5 gxh5 24. Bf3 Bf5 25. Kg2 h6 26. Rh1 Bg6 27. Qc1 Qd8
28. g4 Kh7 29. Qf4 e5 30. dxe6 fxe6 31. Rxh5 Bxh5 32. Nf6+ Qxf6 33. Qxf6 Bf7
34. Be4+ Kg8 35. Qd8+ 1-0

[Event "X Festival A"]
[Site "Campobasso ITA"]
[Date "2003.07.11"]
[Round "1"]
[White "De Rosa, Mariagrazia"]
[Black "Gagliardi, Pietro"]
[Result "0-1"]
[WhiteElo "1828"]
[BlackElo "2194"]
[PlyCount "104"]
[EventDate "2003.07.11"]

1. e4 c6 2. d4 d5 3. Nc3 dxe4 4. Nxe4 Bf5 5. Ng3 Bg6 6. h4 h6 7. Nf3 Nd7 8. h5
Bh7 9. Bd3 Bxd3 10. Qxd3 Qc7 11. Bd2 Ngf6 12. O-O-O e6 13. Ne4 O-O-O 14. g3
Nxe4 15. Qxe4 Nf6 16. Qe2 Bd6 17. Kb1 Rhe8 18. Ne5 c5 19. c3 cxd4 20. cxd4 Kb8
21. Nc4 Nd5 22. Ba5 b6 23. Bd2 Rc8 24. Rc1 Qe7 25. Nxd6 Qxd6 26. Qe5 Qxe5 27.
dxe5 Rxc1+ 28. Rxc1 Rc8 29. Rxc8+ Kxc8 30. Kc2 Kd7 31. Kd3 f5 32. f3 Kc6 33. g4
Kc5 34. gxf5 exf5 35. a3 Nc7 36. Bb4+ Kd5 37. Bd6 Ne6 38. Ke3 Kc4 39. Bb4 a5
40. Bc3 a4 41. Bb4 b5 42. Bd2 Kd5 43. f4 Kc4 44. Bc1 Nc7 45. Kd2 Kd4 46. Kc2
Ke4 47. b3 Kd4 48. Bb2+ Ke4 49. Bc1 axb3+ 50. Kxb3 Kd5 51. Kb4 Kc6 52. Be3 Nd5+
0-1

[Event "X Festival A"]
[Site "Campobasso ITA"]
[Date "2003.07.11"]
[Round "1"]
[White "De Vita, Igor"]
[Black "Lettieri, Biagio"]
[Result "1-0"]
[WhiteElo "2158"]
[BlackElo "1819"]
[PlyCount "89"]
[EventDate "2003.07.11"]

1. d4 Nf6 2. c4 e6 3. Nf3 b6 4. a3 Bb7 5. Nc3 c5 6. d5 exd5 7. cxd5 d6 8. e4
Nbd7 9. Bf4 Ng4 10. h3 Nge5 11. Bxe5 dxe5 12. Bb5 Bd6 13. Nd2 a6 14. Nc4 Bb8
15. Bc6 Qc7 16. Bxd7+ Qxd7 17. Nxb6 Qd6 18. Nxa8 O-O 19. O-O f5 20. b4 Ba7 21.
exf5 Bxa8 22. Ne4 Qxd5 23. Qxd5+ Bxd5 24. Nxc5 Rxf5 25. Rad1 Bc4 26. Rd8+ Rf8
27. Rxf8+ Kxf8 28. Re1 a5 29. Rxe5 axb4 30. axb4 Kf7 31. Rf5+ Ke7 32. Rf4 Bd5
33. Rg4 g6 34. h4 Kd6 35. h5 gxh5 36. Rg7 Bb6 37. Rxh7 Kc6 38. Rxh5 Bc4 39. g4
Be2 40. Rh6+ Kb5 41. Rxb6+ Kxb6 42. g5 Kb5 43. g6 Kxb4 44. g7 Bc4 45. Ne4 1-0

[Event "X Festival A"]
[Site "Campobasso ITA"]
[Date "2003.07.11"]
[Round "1"]
[White "Decataldo, Alba"]
[Black "Shytaj, Carlo"]
[Result "0-1"]
[WhiteElo "1794"]
[BlackElo "2150"]
[PlyCount "72"]
[EventDate "2003.07.11"]

1. e4 d6 2. d4 Nf6 3. Nc3 g6 4. Nf3 Bg7 5. Bg5 c6 6. Bc4 b5 7. Bd3 Bb7 8. O-O
O-O 9. Re1 Re8 10. a3 e5 11. d5 a6 12. dxc6 Bxc6 13. Nd5 Bxd5 14. exd5 Nbd7 15.
Nd2 h6 16. Bxf6 Nxf6 17. c4 bxc4 18. Nxc4 Nh5 19. Be4 Nf4 20. Rc1 f5 21. Bb1 e4
22. Re3 Be5 23. Nxe5 Rxe5 24. b4 Kg7 25. Ba2 Nd3 26. Rc6 f4 27. Rh3 e3 28. fxe3
fxe3 29. Qxd3 e2 30. Re3 e1=Q+ 31. Rxe1 Rxe1+ 32. Kf2 Qe7 33. Rc3 Rf8+ 34. Kg3
Rf5 35. Qd4+ Rfe5 36. h4 R1e4 0-1

[Event "X Festival A"]
[Site "Campobasso ITA"]
[Date "2003.07.11"]
[Round "1"]
[White "Di Carlo, Pasquale"]
[Black "Ciampi, Vincenzo"]
[Result "0-1"]
[WhiteElo "1714"]
[BlackElo "2120"]
[PlyCount "79"]
[EventDate "2003.07.11"]

1. e4 e6 2. d3 c5 3. Nf3 Nc6 4. g3 g6 5. Bg2 Bg7 6. O-O Nge7 7. c3 d5 8. Nbd2
O-O 9. Qe2 dxe4 10. dxe4 b6 11. Rd1 Qc7 12. Nf1 a5 13. Bf4 e5 14. Bg5 f6 15.
Qc4+ Kh8 16. Be3 Ba6 17. Qe6 Rad8 18. Nh4 Be2 19. Rd2 Rxd2 20. Nxd2 Nd8 21. Qb3
Qc6 22. Nc4 a4 23. Qxb6 Bxc4 24. Qxc5 Qxc5 25. Bxc5 Re8 26. Rd1 Ne6 27. Bxe7
Rxe7 28. a3 Kg8 29. Nf3 Kf7 30. Bf1 Bxf1 31. Kxf1 Rb7 32. Rb1 Bf8 33. Nd2 Nc5
34. Ke2 Bh6 35. f3 f5 36. Nc4 Ke6 37. Rd1 Rd7 38. exf5+ gxf5 39. Rxd7 Nxd7 40.
Kd3 0-1

[Event "X Festival A"]
[Site "Campobasso ITA"]
[Date "2003.07.11"]
[Round "1"]
[White "Di Lascio, Savino"]
[Black "Chierchia, Gennaro"]
[Result "1-0"]
[WhiteElo "2117"]
[BlackElo "1653"]
[PlyCount "49"]
[EventDate "2003.07.11"]

1. Nf3 Nf6 2. g3 d5 3. Bg2 c5 4. O-O Nc6 5. d3 g6 6. Nbd2 Bg7 7. c3 O-O 8. e4
Bg4 9. h3 dxe4 10. dxe4 Bxf3 11. Bxf3 Qc8 12. Kh2 Ne5 13. Be2 Rd8 14. Qc2 g5
15. Nc4 Nxc4 16. Bxc4 g4 17. e5 Nd5 18. Qe4 Nb6 19. Bd3 Rxd3 20. Qxd3 gxh3 21.
Qe4 Qe6 22. Be3 Bxe5 23. f4 Qg4 24. Qxe5 Qe2+ 25. Rf2 1-0

[Event "X Festival A"]
[Site "Campobasso ITA"]
[Date "2003.07.11"]
[Round "1"]
[White "Farina, Saverio"]
[Black "Grimaldi, Pasquale"]
[Result "1-0"]
[WhiteElo "2123"]
[BlackElo "1723"]
[PlyCount "103"]
[EventDate "2003.07.11"]

1. c4 c5 2. Nf3 Nc6 3. d4 cxd4 4. Nxd4 Nxd4 5. Qxd4 Nf6 6. Nc3 g6 7. Bg5 Bg7 8.
Nd5 O-O 9. Bxf6 exf6 10. g3 f5 11. Qd2 Rb8 12. a4 b6 13. Bg2 Bb7 14. O-O Re8
15. Rfd1 d6 16. Ra3 Bf8 17. Rd3 Bxd5 18. Bxd5 Qc7 19. h4 h5 20. b3 Re5 21. Qg5
Kg7 22. Bf3 Rbe8 23. Qd2 Qe7 24. Qc3 Qf6 25. Rd4 Rc5 26. Qd3 Rce5 27. e3 Rc8
28. Bb7 Rce8 29. Bc6 Rc8 30. Bd5 Rce8 31. Ra1 Qd8 32. Qc3 f6 33. a5 R8e7 34.
Rd2 bxa5 35. Rxa5 Qb6 36. Rb5 Qd8 37. Ra2 Rc7 38. Qd4 Ree7 39. Ra6 Red7 40.
Rba5 Qb8 41. c5 Be7 42. c6 Rd8 43. Rxa7 Re8 44. Rxc7 Qxc7 45. Ra7 Qc8 46. Qb4
Kf8 47. Qc4 Kg7 48. Bf7 Qb8 49. Rb7 Qa8 50. Bxe8 Qxe8 51. Qe6 Kf8 52. b4 1-0

[Event "X Festival A"]
[Site "Campobasso ITA"]
[Date "2003.07.11"]
[Round "1"]
[White "Ficco, Corrado"]
[Black "Zelcic, Robert"]
[Result "0-1"]
[WhiteElo "2098"]
[BlackElo "2543"]
[PlyCount "72"]
[EventDate "2003.07.11"]

1. e4 c6 2. d4 d5 3. Nc3 dxe4 4. Nxe4 Bf5 5. Ng3 Bg6 6. Nf3 e6 7. Bd3 Nf6 8.
O-O Bd6 9. Bg5 Nbd7 10. c4 Qc7 11. Re1 O-O 12. Qc2 Rfe8 13. Rad1 Rac8 14. b3 a6
15. Bc1 c5 16. Bxg6 hxg6 17. dxc5 Bxg3 18. hxg3 Qxc5 19. Qe2 e5 20. Qe3 Qa5 21.
Qd2 Qc5 22. Qd6 e4 23. Qxc5 Nxc5 24. Ng5 Nd3 25. Re2 b5 26. Nxe4 Rxe4 27. Rxe4
Nxc1 28. Re7 Nxa2 29. cxb5 axb5 30. Ra1 Nc3 31. Raa7 Nce4 32. Kf1 Rc1+ 33. Ke2
Rc2+ 34. Ke3 Nd6 35. Kd3 Rxf2 36. Re1 Rxg2 0-1

[Event "X Festival A"]
[Site "Campobasso ITA"]
[Date "2003.07.11"]
[Round "1"]
[White "Fioravanti, Emidio"]
[Black "Takac, Zvonko"]
[Result "0-1"]
[WhiteElo "1813"]
[BlackElo "2157"]
[PlyCount "67"]
[EventDate "2003.07.11"]

1. e4 c5 2. Nf3 Nc6 3. d4 cxd4 4. Nxd4 e5 5. Nb5 Nf6 6. N1c3 d6 7. Bg5 a6 8.
Na3 b5 9. Nd5 Be7 10. Bxf6 Bxf6 11. c3 O-O 12. Bd3 Be6 13. Nc2 Bg5 14. h4 Bh6
15. g4 Bf4 16. Qf3 Bxd5 17. exd5 Ne7 18. Ne3 Qb6 19. Qe4 g6 20. h5 f5 21. gxf5
gxf5 22. Qf3 Kh8 23. Rh3 Bxe3 24. fxe3 e4 25. Bxe4 fxe4 26. Qxe4 Nf5 27. O-O-O
Rae8 28. Qf4 Nxe3 29. Qd4+ Qxd4 30. Rxd4 Rf1+ 31. Kd2 Nc4+ 32. Rxc4 bxc4 33. b3
Rf2+ 34. Kd1 0-1

[Event "X Festival A"]
[Site "Campobasso ITA"]
[Date "2003.07.11"]
[Round "1"]
[White "Georgiev, Krum I."]
[Black "Della Corte, Alessandro"]
[Result "1-0"]
[WhiteElo "2456"]
[BlackElo "2096"]
[PlyCount "57"]
[EventDate "2003.07.11"]

1. e4 c5 2. Nf3 Nc6 3. Bb5 d6 4. O-O Bg4 5. c3 Nf6 6. d4 a6 7. Bxc6+ bxc6 8.
dxc5 Nxe4 9. Qa4 Nf6 10. Nbd2 Qc7 11. Re1 d5 12. Ne5 Bd7 13. Nb3 e6 14. Bf4 Nh5
15. Bd2 Nf6 16. c4 Be7 17. Ba5 Qc8 18. Rad1 O-O 19. h3 Be8 20. cxd5 Nxd5 21.
Nc4 Qb7 22. Bb6 Nxb6 23. cxb6 c5 24. Qa3 Qc6 25. Nba5 Qa4 26. Qf3 Rb8 27. b3
Qb5 28. Qf4 Rxb6 29. Qc7 1-0

[Event "X Festival A"]
[Site "Campobasso ITA"]
[Date "2003.07.11"]
[Round "1"]
[White "Gerardi, Saverio"]
[Black "Stromboli, Carlo"]
[Result "1-0"]
[WhiteElo "2138"]
[BlackElo "1744"]
[PlyCount "69"]
[EventDate "2003.07.11"]

1. e4 c5 2. Nf3 Nc6 3. Nc3 e6 4. d4 cxd4 5. Nxd4 Qc7 6. g3 a6 7. Bg2 Nf6 8. O-O
Be7 9. Be3 O-O 10. f4 d6 11. h3 d5 12. exd5 exd5 13. g4 Rd8 14. Qf3 Nxd4 15.
Bxd4 Ne4 16. Rad1 f5 17. Nxe4 fxe4 18. Qb3 Kh8 19. Kh1 Qc6 20. c4 Be6 21. Qc3
Bf8 22. f5 Bf7 23. f6 g6 24. cxd5 Qxd5 25. Rfe1 Rac8 26. Qe3 Qxa2 27. Qxe4 Qc4
28. Qxb7 Rc7 29. Qb6 Rcd7 30. Re4 Bc5 31. Bxc5 Rxd1+ 32. Kh2 Qc2 33. Bd4 Rc8
34. Qb7 Qc7+ 35. Qxc7 1-0

[Event "X Festival A"]
[Site "Campobasso ITA"]
[Date "2003.07.11"]
[Round "1"]
[White "Gonzini, Gianmaria"]
[Black "Russi, Roberto"]
[Result "1/2-1/2"]
[WhiteElo "1726"]
[BlackElo "2125"]
[PlyCount "49"]
[EventDate "2003.07.11"]

1. Nf3 c5 2. c4 Nf6 3. Nc3 Nc6 4. e4 e6 5. d4 cxd4 6. Nxd4 Qc7 7. Be2 a6 8. O-O
Be7 9. Be3 d6 10. Rc1 O-O 11. Qd2 Bd7 12. f3 Nxd4 13. Bxd4 Bc6 14. Rfd1 Qd7 15.
Nd5 exd5 16. exd5 Bxd5 17. cxd5 Rac8 18. Bxf6 Bxf6 19. Bd3 g6 20. Kh1 Rc5 21.
Rxc5 dxc5 22. Bf1 b5 23. b3 Rd8 24. Qa5 Qd6 25. a4 1/2-1/2

[Event "X Festival A"]
[Site "Campobasso ITA"]
[Date "2003.07.11"]
[Round "1"]
[White "Lettieri, Giuseppe"]
[Black "Passerotti, Pierluigi"]
[Result "0-1"]
[WhiteElo "1894"]
[BlackElo "2287"]
[PlyCount "64"]
[EventDate "2003.07.11"]

1. e4 c5 2. c3 e6 3. Nf3 d5 4. exd5 exd5 5. d4 Nc6 6. Bb5 cxd4 7. Nxd4 Bd7 8.
O-O Bd6 9. Nd2 Nge7 10. N2f3 Qc7 11. Be3 O-O 12. Bd3 Nxd4 13. Bxd4 Nf5 14. h3
Rae8 15. Qb3 Nxd4 16. Nxd4 Re5 17. Nb5 Bxb5 18. Bxb5 a6 19. Bd3 Rfe8 20. Rad1
Bc5 21. Bb1 Qc6 22. Qc2 g6 23. Qd3 R8e6 24. Rd2 Kg7 25. Bc2 Rg5 26. Bd1 Rf6 27.
Kh1 Bb6 28. f4 Rgf5 29. g3 h5 30. Bf3 Qe6 31. Bxd5 Rxd5 32. Qxd5 Qxh3+ 0-1

[Event "X Festival A"]
[Site "Campobasso ITA"]
[Date "2003.07.11"]
[Round "1"]
[White "Ljubisavljevic, Zivojin Z."]
[Black "Fioravanti, Diego"]
[Result "1-0"]
[WhiteElo "2300"]
[BlackElo "1912"]
[PlyCount "81"]
[EventDate "2003.07.11"]

1. b3 Nf6 2. Bb2 d5 3. e3 Bf5 4. f4 e6 5. Nf3 Bd6 6. Nc3 a6 7. Ne2 c5 8. d3 Nc6
9. Ng3 Bg6 10. Be2 Qa5+ 11. Qd2 Qxd2+ 12. Nxd2 d4 13. Nc4 Bc7 14. O-O b5 15.
Bf3 Nd5 16. f5 Bxg3 17. hxg3 bxc4 18. fxg6 hxg6 19. dxc4 Nde7 20. exd4 cxd4 21.
Bxd4 f6 22. Bc3 Kf7 23. g4 g5 24. Rad1 Rad8 25. b4 Na7 26. Bb7 Rxd1 27. Rxd1
Rh4 28. Bf3 f5 29. Be1 Rh8 30. Rd7 fxg4 31. Be4 Nac8 32. c5 Ke8 33. Rd3 Na7 34.
a4 Nf5 35. b5 axb5 36. axb5 Ne7 37. c4 Kf7 38. Ra3 Nac8 39. b6 Nxb6 40. cxb6
Rb8 41. b7 1-0

[Event "X Festival A"]
[Site "Campobasso ITA"]
[Date "2003.07.11"]
[Round "1"]
[White "Mihalinec, Damir"]
[Black "Rossi, Aldo A."]
[Result "1-0"]
[WhiteElo "2207"]
[BlackElo "1839"]
[PlyCount "37"]
[EventDate "2003.07.11"]

1. e4 c5 2. Nf3 d6 3. d4 cxd4 4. Nxd4 Nf6 5. Nc3 g6 6. Be3 Bg7 7. f3 O-O 8. Bc4
Nc6 9. Qd2 Bd7 10. O-O-O Ne5 11. Bb3 Qa5 12. h4 Rfc8 13. Qe2 Rab8 14. g4 b5 15.
h5 Nc4 16. hxg6 hxg6 17. Bh6 e6 18. Qh2 Bh8 19. Nd5 1-0

[Event "X Festival A"]
[Site "Campobasso ITA"]
[Date "2003.07.11"]
[Round "1"]
[White "Mishin, Alexei"]
[Black "Cordi', Domenico"]
[Result "1-0"]
[WhiteElo "2341"]
[BlackElo "1992"]
[PlyCount "80"]
[EventDate "2003.07.11"]

1. e4 c5 2. f4 Nc6 3. Nf3 g6 4. Bb5 Bg7 5. O-O d6 6. Nc3 e6 7. e5 Nge7 8. exd6
Qxd6 9. d3 O-O 10. Ne4 Qc7 11. a4 b6 12. Qe1 Bb7 13. Qh4 Nf5 14. Nf6+ Bxf6 15.
Qxf6 Qd8 16. Qxd8 Raxd8 17. Bxc6 Bxc6 18. Ne5 Bd5 19. a5 Nd4 20. Rf2 h5 21. Be3
Nf5 22. Bd2 b5 23. a6 Rd6 24. Ra5 Rb8 25. c4 bxc4 26. dxc4 Be4 27. Bc3 f6 28.
Re2 Rd1+ 29. Kf2 fxe5 30. Rxe4 Nd6 31. Re2 Rc8 32. Rxe5 Nxc4 33. Raxc5 Rxc5 34.
Rxc5 Nxb2 35. Rc8+ Kf7 36. Rc7+ Ke8 37. Ke2 Rg1 38. Rxa7 Rxg2+ 39. Kf3 Rxh2 40.
Bxb2 Rxb2 1-0

[Event "X Festival A"]
[Site "Campobasso ITA"]
[Date "2003.07.11"]
[Round "1"]
[White "Petruccioli, Antonio"]
[Black "Zaja, Ivan"]
[Result "0-1"]
[WhiteElo "2076"]
[BlackElo "2430"]
[PlyCount "54"]
[EventDate "2003.07.11"]

1. e4 e6 2. d4 d5 3. e5 c5 4. c3 Nc6 5. Nf3 Bd7 6. Be2 Nh6 7. dxc5 Ng4 8. b4
Ngxe5 9. O-O Nxf3+ 10. Bxf3 Be7 11. a3 Bf6 12. Bb2 Ne5 13. Be2 b6 14. f4 Ng6
15. f5 Ne5 16. fxe6 fxe6 17. c4 dxc4 18. Bxe5 Bxe5 19. Bh5+ g6 20. Qf3 Qh4 21.
g3 Bd4+ 22. Kg2 Qxh5 23. Qxa8+ Ke7 24. Qe4 Bc6 25. Rf7+ Kxf7 26. Qxc6 Qe2+ 27.
Kh3 Qf1+ 0-1

[Event "X Festival A"]
[Site "Campobasso ITA"]
[Date "2003.07.11"]
[Round "1"]
[White "Pinto, Gaetano"]
[Black "Pizzuto, Samuele Tullio"]
[Result "1/2-1/2"]
[WhiteElo "1735"]
[BlackElo "2136"]
[PlyCount "80"]
[EventDate "2003.07.11"]

1. d4 d5 2. c4 Nc6 3. cxd5 Qxd5 4. e3 e5 5. Nc3 Bb4 6. Bd2 Bxc3 7. Bxc3 e4 8.
Ne2 Nf6 9. Nf4 Qd6 10. d5 Ne7 11. Bb5+ Kf8 12. Bc4 a5 13. a4 Nf5 14. Qb3 Qe7
15. O-O h5 16. Be2 Nd6 17. Rfd1 h4 18. Rac1 Rh6 19. Qc2 Nfe8 20. Bf1 g5 21. Ne2
g4 22. Nf4 Nf5 23. Qd2 b6 24. b4 Bd7 25. bxa5 Bxa4 26. axb6 Bxd1 27. Qxd1 g3
28. Qg4 gxf2+ 29. Kxf2 Ra2+ 30. Be2 Nxe3 31. Kxe3 Qc5+ 32. Bd4 Qxc1+ 33. Kf2
cxb6 34. Qg5 Rxe2+ 35. Kxe2 Qc2+ 36. Ke3 Qc1+ 37. Ke2 Qc4+ 38. Ke3 Qc1+ 39. Ke2
Qc2+ 40. Ke3 Qc1+ 1/2-1/2

[Event "X Festival A"]
[Site "Campobasso ITA"]
[Date "2003.07.11"]
[Round "1"]
[White "Stromboli, Ettore"]
[Black "Grasso, Nino"]
[Result "1-0"]
[WhiteElo "2155"]
[BlackElo "1804"]
[PlyCount "69"]
[EventDate "2003.07.11"]

1. e4 e5 2. Nf3 Nc6 3. d4 exd4 4. Bc4 Bc5 5. c3 d3 6. Qxd3 d6 7. a4 a6 8. b4
Bb6 9. O-O Bg4 10. Ng5 Ne5 11. Qg3 Nf6 12. h3 Bh5 13. Na3 h6 14. Nf3 Nxe4 15.
Qxg7 Nxf3+ 16. gxf3 Qh4 17. Qxh8+ Kd7 18. Qg7 Ng5 19. Be6+ Nxe6 20. Qg2 Nf4 21.
Bxf4 Qxf4 22. Nc2 Bxf3 23. Qg7 Be4 24. Ne3 h5 25. Rae1 Qf3 26. Kh2 Bd3 27. Rg1
Qxf2+ 28. Rg2 Qf4+ 29. Qg3 Bxe3 30. Rxe3 Qxg3+ 31. Rgxg3 Bc4 32. Rg5 Rh8 33.
Re4 b5 34. axb5 axb5 35. Rh4 1-0

[Event "X Festival A"]
[Site "Campobasso ITA"]
[Date "2003.07.11"]
[Round "1"]
[White "Vincenzi, Marco"]
[Black "Zimina, Olga"]
[Result "0-1"]
[WhiteElo "2004"]
[BlackElo "2367"]
[PlyCount "82"]
[EventDate "2003.07.11"]

1. e4 c6 2. d4 d5 3. Nc3 dxe4 4. Nxe4 Bf5 5. Ng3 Bg6 6. h4 h6 7. Nf3 e6 8. h5
Bh7 9. Bd3 Bxd3 10. Qxd3 Nf6 11. Bd2 c5 12. O-O-O Nc6 13. Rhe1 Nxd4 14. Nxd4
Qxd4 15. Qf3 Qd5 16. Qxd5 Nxd5 17. Bxh6 Nb4 18. Bd2 Nxa2+ 19. Kb1 Nb4 20. Bc3
Rd8 21. Rxd8+ Kxd8 22. b3 Nd5 23. Bd2 Kd7 24. Rd1 Kc6 25. c4 Nf6 26. Bc3 Be7
27. Rd3 Nxh5 28. Nxh5 Rxh5 29. Bxg7 Rf5 30. Rd2 Rg5 31. Bh6 Rxg2 32. Bf4 a6 33.
Bg3 Rg1+ 34. Kc2 b5 35. Kd3 Rb1 36. Kc2 Ra1 37. Kd3 Bf6 38. Ke4 Bd4 39. Bf4 Rb1
40. Rd3 f5+ 41. Kf3 e5 0-1

[Event "X Festival A"]
[Site "Campobasso ITA"]
[Date "2003.07.11"]
[Round "2"]
[White "Capuano, Eugenio"]
[Black "Mishin, Alexei"]
[Result "0-1"]
[WhiteElo "2143"]
[BlackElo "2341"]
[PlyCount "112"]
[EventDate "2003.07.11"]

1. Nf3 d6 2. d4 Bg4 3. c4 Bxf3 4. exf3 c6 5. Nc3 Nf6 6. Be2 e6 7. d5 exd5 8.
cxd5 c5 9. O-O Be7 10. Be3 O-O 11. f4 a6 12. a4 Nbd7 13. Qd2 Ne8 14. g4 Bf6 15.
Ne4 Qb6 16. g5 Bd4 17. a5 Bxe3 18. fxe3 Qd8 19. b4 Qe7 20. Bf3 f5 21. Nf2 cxb4
22. Rab1 b5 23. Nd3 Nc7 24. Rbc1 Rac8 25. Rfe1 Kh8 26. Qxb4 Na8 27. Rc6 Nc5 28.
Nf2 Rxc6 29. dxc6 Nc7 30. Qd2 Re8 31. Re2 d5 32. Nd3 Nxd3 33. Qxd3 Qe6 34. Qc3
Qd6 35. Rd2 Kg8 36. h4 Re6 37. Qb3 Kf8 38. Bxd5 Nxd5 39. Qxd5 Qxc6 40. Qxf5+
Ke7 41. Rc2 Qd6 42. Qc5 Qxc5 43. Rxc5 Kd6 44. Rc8 Rxe3 45. Ra8 Re7 46. Rxa6+
Kc5 47. f5 b4 48. f6 gxf6 49. Rxf6 b3 50. Rb6 Kc4 51. a6 Ra7 52. h5 Kc3 53. g6
hxg6 54. hxg6 b2 55. Rc6+ Kb3 56. Kf2 Ka2 0-1

[Event "X Festival A"]
[Site "Campobasso ITA"]
[Date "2003.07.11"]
[Round "2"]
[White "Chierchia, Gennaro"]
[Black "Lettieri, Giuseppe"]
[Result "0-1"]
[WhiteElo "1653"]
[BlackElo "1894"]
[PlyCount "102"]
[EventDate "2003.07.11"]

1. c4 Nf6 2. Nf3 c6 3. Nc3 d5 4. cxd5 cxd5 5. Qa4+ Bd7 6. Qb3 Bc6 7. Ne5 Qc7 8.
Nxc6 bxc6 9. d4 Nbd7 10. g3 e6 11. Bg2 Rb8 12. Qd1 c5 13. Bf4 Bd6 14. Bxd6 Qxd6
15. dxc5 Qxc5 16. O-O O-O 17. Rc1 Qb4 18. Rc2 Rfc8 19. e3 Nb6 20. Qc1 a5 21.
Rd1 a4 22. Rd4 Rc4 23. Rxc4 Nxc4 24. Bf1 Nd6 25. Ne2 e5 26. Nc3 d4 27. exd4
exd4 28. Nb5 Rxb5 29. Bxb5 Qxb5 30. Rc5 Qe2 31. Rc2 Qe6 32. Rc6 d3 33. Qc3 Qd5
34. Rc5 Qe4 35. Re5 Qc4 36. Qxc4 Nxc4 37. Rc5 Nd6 38. Kf1 Kf8 39. Rc3 d2 40.
Ke2 Nfe4 41. Rd3 Ke7 42. f3 Nc5 43. Rxd2 Ke6 44. Rd4 Nf5 45. Rb4 Kd5 46. g4
Nd4+ 47. Kd1 Nxf3 48. b3 axb3 49. axb3 Nd4 50. Rb8 Ndxb3 51. Rf8 Ke6 0-1

[Event "X Festival A"]
[Site "Campobasso ITA"]
[Date "2003.07.11"]
[Round "2"]
[White "Ciampi, Vincenzo"]
[Black "Ljubisavljevic, Zivojin Z."]
[Result "0-1"]
[WhiteElo "2120"]
[BlackElo "2300"]
[PlyCount "81"]
[EventDate "2003.07.11"]

1. c4 e5 2. Nc3 f5 3. d4 e4 4. f3 Nf6 5. a3 d5 6. cxd5 Bd6 7. Qc2 O-O 8. Bg5 h6
9. Bxf6 Qxf6 10. e3 a6 11. O-O-O exf3 12. gxf3 c5 13. dxc6 Nxc6 14. Nge2 Qg5
15. f4 Qd8 16. d5 Ne7 17. Nd4 Rf6 18. Rg1 Qa5 19. Kb1 Bd7 20. e4 Bxf4 21. exf5
Be3 22. Nb3 Qb6 23. Rg3 Bxf5 24. Bd3 Bxd3 25. Rxd3 Bf4 26. Ne4 Bxg3 27. Nxf6+
Qxf6 28. hxg3 Rd8 29. Qc7 Rc8 30. Qf4 Qg6 31. Qd4 Nf5 32. Qe4 Re8 33. Qc4 Kh7
34. Ka2 Nd6 35. Qc3 Re2 36. Re3 Ne4 37. Qd4 Rxe3 38. Qxe3 Nxg3 39. Qe7 Nf5 40.
Qxb7 h5 41. Nc5 0-1

[Event "X Festival A"]
[Site "Campobasso ITA"]
[Date "2003.07.11"]
[Round "2"]
[White "Cordi', Domenico"]
[Black "Decataldo, Alba"]
[Result "1/2-1/2"]
[WhiteElo "1992"]
[BlackElo "1794"]
[PlyCount "82"]
[EventDate "2003.07.11"]

1. d4 d5 2. Nf3 e6 3. c4 c5 4. cxd5 exd5 5. Nc3 Nc6 6. e3 Nf6 7. Be2 Be7 8. O-O
O-O 9. dxc5 Bxc5 10. b3 Re8 11. Bb2 Be6 12. Rc1 Bb6 13. Nb5 a6 14. Nbd4 Nxd4
15. Nxd4 Ne4 16. Bf3 Qg5 17. Qd3 Nc5 18. Qe2 Ne4 19. Rfd1 Rad8 20. Rc2 Bd7 21.
Rdc1 Nd6 22. Rd2 Bb5 23. Nxb5 Nxb5 24. Qd1 d4 25. exd4 Nxd4 26. Bxd4 Bxd4 27.
Qc2 b6 28. Rcd1 a5 29. Kf1 Bc5 30. Rxd8 Rxd8 31. Rxd8+ Qxd8 32. Qd1 Qf6 33. g3
g6 34. Kg2 Kg7 35. h4 h5 36. Qe2 Qd4 37. Bc6 Qf6 38. Qf3 Qxf3+ 39. Kxf3 Kf6 40.
a4 Ke7 41. Kg2 Bd4 1/2-1/2

[Event "X Festival A"]
[Site "Campobasso ITA"]
[Date "2003.07.11"]
[Round "2"]
[White "Della Corte, Alessandro"]
[Black "De Rosa, Mariagrazia"]
[Result "1/2-1/2"]
[WhiteElo "2096"]
[BlackElo "1828"]
[PlyCount "85"]
[EventDate "2003.07.11"]

1. e4 c5 2. Nf3 d6 3. d4 cxd4 4. Qxd4 a6 5. c4 Nc6 6. Qd3 g6 7. Nc3 Bg7 8. h3
Nf6 9. Be3 O-O 10. Be2 Nd7 11. O-O Nde5 12. Nxe5 dxe5 13. Qxd8 Rxd8 14. Nd5 e6
15. Nb6 Rb8 16. Rfd1 Nd4 17. Bd3 Bd7 18. b4 Bc6 19. Rab1 f5 20. f3 Bf6 21. Kf1
Rf8 22. b5 Be8 23. bxa6 bxa6 24. Nd5 Rc8 25. Nxf6+ Rxf6 26. Rb6 fxe4 27. Bxe4
Rxc4 28. Rb8 Rf8 29. Bh6 Rc8 30. Bxf8 Rxb8 31. Bd6 Rb2 32. Bxe5 Bb5+ 33. Kg1
Ne2+ 34. Kh2 Rxa2 35. Rd8+ Kf7 36. Rh8 h5 37. Rh7+ Ke8 38. Bxg6+ Kd8 39. Bxh5
Rd2 40. Ra7 Nd4 41. Bf7 Nxf3+ 42. Kg3 Nxe5 43. Bxe6 1/2-1/2

[Event "X Festival A"]
[Site "Campobasso ITA"]
[Date "2003.07.11"]
[Round "2"]
[White "Di Giulio, Massimo"]
[Black "Petruccioli, Antonio"]
[Result "0-1"]
[WhiteElo "1774"]
[BlackElo "2076"]
[PlyCount "84"]
[EventDate "2003.07.11"]

1. b3 e5 2. Bb2 Nc6 3. e3 Nf6 4. Bb5 d6 5. Nf3 Bg4 6. h3 Bh5 7. g4 Bg6 8. d4 e4
9. Nh4 a6 10. Bxc6+ bxc6 11. Nxg6 hxg6 12. g5 Nd7 13. Qg4 d5 14. Nc3 Be7 15.
Rg1 Nb6 16. O-O-O Qd7 17. h4 Qxg4 18. Rxg4 Kd7 19. Ne2 Rh7 20. Nf4 Rah8 21. Rh1
Bd6 22. Kd1 Nc8 23. Ke2 Ne7 24. f3 Bxf4 25. Rxf4 Nf5 26. Kf2 exf3 27. Rxf3 Rxh4
28. Rc1 Rh2+ 29. Ke1 Rg2 30. Rf2 Rxg5 31. Kd2 Re8 32. c4 Rg3 33. Re1 Nd6 34.
Kd3 f5 35. cxd5 cxd5 36. Ree2 Re4 37. Kd2 Rh4 38. Kd3 f4 39. Bc1 Nf5 40. Rh2 g5
41. Kc2 f3 42. Rxh4 gxh4 0-1